000 00678nam a2200277Ia 4500
005 20260324133402.0
008 008 260324s9999 xx 000 0 eng d
020 _a9780203929940
037 _aEBOOK
040 _aCRL
040 _beng
040 _cCRL
041 _2eng
041 _aeng
084 _qCRL
100 _aNicola Dimitri; ITZHAK GILBOA; Marcello Basili
_91192900
245 0 _aCognitive Processes and Economic Behaviour
260 _bTaylor and Francis
260 _c2003
365 _a
365 _b300
856 _uhttp://www.taylorfrancis.com/books/9780203929940
942 _cEBOOK
999 _c1791876
_d1791876